Sintáxis transformacional del español
保存先:
| 第一著者: | |
|---|---|
| フォーマット: | 図書 |
| 言語: | スペイン語 |
| 出版事項: |
Madrid
Cátedra
1982
|
| 版: | 2a. ed |
| シリーズ: | Crítica y Estudios Literarios
|
| 主題: | |
| タグ: |
タグ追加
タグなし, このレコードへの初めてのタグを付けませんか!
|
MARC
| LEADER | 00000nam a2200000 a 4500 | ||
|---|---|---|---|
| 001 | UCW8584 | ||
| 003 | CL-VaPUC | ||
| 008 | 881006e19820000SP |||||||||||||||||spa|d | ||
| 082 | 0 | 4 | |a 465 |b DIN |2 21 |
| 100 | 0 | |a D'Introno, Francesco |e author |9 313799 | |
| 245 | 1 | 0 | |a Sintáxis transformacional del español |
| 250 | |a 2a. ed | ||
| 300 | |a 307 p | ||
| 942 | |c BK | ||
| 945 | |d 19881006 00:00:00 |a rbrito | ||
| 260 | |a Madrid |b Cátedra |c 1982 | ||
| 650 | 0 | |a Español |x Sintaxis |9 269956 | |
| 583 | |a last modification |c 19881006 00:00:00 |k Rodrigo Vera | ||
| 490 | 0 | |a Crítica y Estudios Literarios | |
| 999 | |c 220916 |d 220914 | ||
| 952 | |0 0 |1 0 |4 0 |6 465_000000000000000_DIN_1982 |7 0 |8 A |9 213732 |a BIBEDU |b BIBEDU |d 2019-11-15 |i 2820382 |l 2 |o 465 DIN 1982 |p 2820382 |r 2023-05-11 |s 2023-04-26 |w 2019-11-15 |y BK |k LIT | ||
| 952 | |0 0 |1 0 |4 0 |6 465_000000000000000_DIN_1982 |7 0 |8 A |9 213733 |a BIBEDU |b BIBEDU |d 2019-11-15 |i 2820390 |l 1 |o 465 DIN 1982 |p 2820390 |r 2024-04-09 |s 2024-04-02 |w 2019-11-15 |y BK |k LIT | ||
| 952 | |0 0 |1 0 |4 0 |6 465_000000000000000_DIN_1982 |7 0 |8 A |9 213734 |a FDOPOS |b FDOPOS |d 2019-11-15 |i 1467980 |o 465 DIN 1982 |p 1467980 |r 2025-01-22 |w 2019-11-15 |y BK |k MLA | ||